| 000 | 00578nam a22001937a 4500 | ||
|---|---|---|---|
| 999 |
_c187441 _d187441 |
||
| 005 | 20220419163427.0 | ||
| 010 | _aENG-132325 | ||
| 020 |
_a9789352833566 _c475.00 |
||
| 035 | _aEN-115857 | ||
| 037 | _bDBAD/PUB | ||
| 082 | _a346.07 | ||
| 100 | _aGonga, P P S | ||
| 245 |
_aBusiness Laws/ _cP P S Gogna |
||
| 250 | _aSixth Edition | ||
| 260 |
_aNew Delhi _bS Chand And Company Limited _c2007 |
||
| 270 |
_a7361, Ram Nagar, Qutab Road _bNew Delhi _e110055 _minfo@schandpublishing.com |
||
| 300 |
_axxviii, 665p. _c24cm(pbk) |
||
| 942 |
_2ddc _cEN _h346.07 _mGOG |
||